000 01130nam a22001815i 4500
001 157713
003 ES-MaACL
005 20230906210823.0
008 970917m18831884xxka |||| | spa d
040 _aAN
_bspa
_cAN
245 0 0 _aLibro médico azul de fórmulas y notas terapéuticas y reports sobre nuevos adelantos en la química y farmacia.
260 _aLondres :
_bBurroughs, Wellcome y Cia.,
_c1883-[1884]
300 _a2 v. (256 ; XVI, 331 p., [2] h. de lám.) :
_bil. ;
_c17 cm.
594 1 _aTít. del t. II: Libro médico azul : compilación de dictamenes de la facultad de medicina de España sobre el valor terapéutico de los últimos adelantos en química y farmacia, con fórmulas, notas terapéuticas en índice de enfermedades y remedios / pr Carlos J. Christie.
596 1 _aPrelim. de la parte II fechados en 1884.
700 1 1 _aChristie, Carlos J.
_9126490
852 _aES-MaACL
_jG-10149-50
_z-- Enc. editorial en tela con letras y cortes dorados
_z-- Dedicatoria ms. de G.Saenz Diez al Ateneo de Madrid
_x-- Edic.: El imp. del t.I es H. Blacklock & co. y del t.II Imprenta de Bradbury, Wilkinson y Cia
999 _c157713
_d157713